Fundamentos del diseño / (Record no. 21502)

MARC details
000 -CABECERA
campo de control de longitud fija 01075nam a2200301 4500
003 - IDENTIFICADOR DEL NÚMERO DE CONTROL
campo de control OSt
005 - FECHA Y HORA DE LA ÚLTIMA TRANSACCIÓN
campo de control 20260601193842.0
008 - DATOS DE LONGITUD FIJA--INFORMACIÓN GENERAL
campo de control de longitud fija 260507b1995 sp a|||| |||| 00| 0 spa d
020 ## - NÚMERO INTERNACIONAL ESTÁNDAR DEL LIBRO
Número Internacional Estándar del Libro 9688872881
020 ## - NÚMERO INTERNACIONAL ESTÁNDAR DEL LIBRO
Número Internacional Estándar del Libro 8425216435
020 ## - NÚMERO INTERNACIONAL ESTÁNDAR DEL LIBRO
Número Internacional Estándar del Libro 9788425216435
040 ## - FUENTE DE LA CATALOGACIÓN
Centro catalogador/agencia de origen ICI
Lengua de catalogación spa
Centro/agencia transcriptor ICI
050 ## - SIGNATURA TOPOGRÁFICA DE LA BIBLIOTECA DEL CONGRESO
Número de clasificación TA345
Número de documento/Ítem W6518
100 #1 - ENTRADA PRINCIPAL--NOMBRE DE PERSONA
Nombre de persona Wong, Wucius,
9 (RLIN) 30939
240 #1 - TÍTULO UNIFORME
Título uniforme Principles of form and design.
Lenguaje de la obra Español
245 #1 - MENCIÓN DE TÍTULO
Título Fundamentos del diseño /
Mención de responsabilidad, etc. Wucius Wong ; versión castellana de Homero Alsina Thevenet y Eugeni Rosell i Miralles
264 ## - PRODUCCIÓN, PUBLICACIÓN, DISTRIBUCIÓN, FABRICACIÓN Y COPYRIGHT
Nombre del de productor, editor, distribuidor, fabricante Gustavo Gili,
Fecha de producción, publicación, distribución, fabricación o copyright 1995
Producción, publicación, distribución, fabricación y copyright México :
300 ## - DESCRIPCIÓN FÍSICA
Extensión 348 páginas
Dimensiones 24cm.
336 ## - TIPO DE CONTENIDO
Término de tipo de contenido texto
Fuente rdacontent
337 ## - TIPO DE MEDIO
Nombre/término del tipo de medio sin medio
Fuente rdamedia
338 ## - TIPO DE SOPORTE
Nombre/término del tipo de soporte volumen
Fuente rdacarrier
500 ## - NOTA GENERAL
Nota general Reimpresiones: (8a, 2007) -- (10a, 2009) -- (13a, 2012) -- (2a, 1997) -- (2013)
500 ## - NOTA GENERAL
Nota general Traduccion de: Principles of form and design
650 ## - PUNTO DE ACCESO ADICIONAL DE MATERIA--TÉRMINO DE MATERIA
Término de materia o nombre geográfico como elemento de entrada Diseño asistido por computadora
Subdivisión de forma Manuales
700 #1 - PUNTO DE ACCESO ADICIONAL--NOMBRE DE PERSONA
Nombre de persona Alsina Thevenet, Homero,
Fechas asociadas al nombre 1922-
Término indicativo de función/relación traductor
9 (RLIN) 30941
700 #1 - PUNTO DE ACCESO ADICIONAL--NOMBRE DE PERSONA
Nombre de persona Rosell i Miralles, Eugeni,
Término indicativo de función/relación traductor
942 ## - ELEMENTOS DE PUNTO DE ACCESO ADICIONAL (KOHA)
Fuente del sistema de clasificación o colocación Library of Congress Classification
Tipo de ítem Koha Libros
Suprimir en OPAC 1
Holdings
Estado de retiro Estado de pérdida Fuente del sistema de clasificación o colocación Estado dañado No para préstamo Localización permanente Ubicación/localización actual Fecha de adquisición Total de préstamos Signatura topográfica completa Código de barras Fecha visto por última vez Número de copia Precio válido a partir de Tipo de ítem Koha
El ejemplar forma parte de la colección y puede ser consultado según las políticas vigentes.   Library of Congress Classification     Biblioteca de Diseño Museo Franz Mayer Biblioteca de Diseño Museo Franz Mayer 07/05/2026   TA345 W6518 BDIMFM000654 07/05/2026 Ej.1 07/05/2026 Libros